000 01096cam a2200325 a 4500
001 627307
003 OSt
005 20240704121633.0
008 931006s1991 enka b 001 0 eng d
010 _a 92223118
020 _a0862329841 (bound)
020 _a086232985X (pbk.)
035 _a(OCoLC)24866421
040 _cmust
042 _alccopycat
050 0 0 _aHQ1240
_b.R63 1991
082 0 0 _a305.4 ROD 1993
_220
100 1 _aRodda, Annabel.
_918432
245 1 0 _aWomen and the environment /
_cprepared by Annabel Rodda.
260 _aLondon ;
_aAtlantic Highlands, N.J. :
_bZed Books,
_c1991.
300 _avii, 180 p. :
_bill. ;
_c24 cm.
440 0 _aWomen and world development series
_918433
504 _aIncludes bibliographical references and index.
650 0 _aWomen in development.
_91047
650 0 _aWomen and the environment.
_97082
650 0 _aWomen
_xSocial conditions.
_96975
906 _a7
_bcbc
_ccopycat
_d2
_encip
_f19
_gy-gencatlg
942 _2ddc
_cO_SHELF
999 _c9065
_d9065